| 000 | 00907nam a22002777a 4500 | ||
|---|---|---|---|
| 001 | 6412 | ||
| 003 | FISKH | ||
| 005 | 20251119155532.0 | ||
| 008 | 250429b cb ||||| |||| 00| 0 eng d | ||
| 020 | _a9780688143893 | ||
| 040 |
_aFISKH _beng _cFISKH _dFISKH |
||
| 050 | _aPE1155 .H57 | ||
| 082 | _a428.1 | ||
| 100 | _aHoban, Tana | ||
| 245 |
_a26 letters and 99 cents / _cby Tana Hoban |
||
| 250 | _aFirst Scholastic printing, September 1988 | ||
| 260 |
_aNew York : _bScholastic, _c1987. |
||
| 300 |
_a28 unnumbered pages : _bcolor illustrations ; _c19 x 23 cm |
||
| 505 | _aC | ||
| 520 | _aColor photographs of letters, numbers, coins, and common objects introduce the alphabet, coinage, and the counting system. | ||
| 521 | 8 |
_a100
_bLexile NP |
|
| 521 | 8 |
_aC
_bRaz-Plus |
|
| 650 |
_aAlphabet Book _vCounting _xLetter Recognition _yMath |
||
| 942 |
_2ddc _cBK _n0 |
||
| 999 |
_c6412 _d6412 |
||